| 000 | 00421nam a22001697a 4500 | ||
|---|---|---|---|
| 003 | OSt | ||
| 005 | 20260320144354.0 | ||
| 008 | 260320b |||||||| |||| 00| 0 Pun d | ||
| 020 | _a9788175991798 | ||
| 040 | _cBGL | ||
| 100 | _aਸਿੰਘ ਸੋਭਾ | ||
| 245 | _aਕਲਾ ਵਾਹਿਗੁਰੂ ਦੀ | ||
| 260 |
_aDelhi _bNavyug Publishers _c2024 |
||
| 300 | _a176p | ||
| 650 | _aPunjabi | ||
| 942 |
_2ddc _cGB |
||
| 999 |
_c44319 _d44319 |
||